00431nam a2200157Ia 45000010006000000050017000060080041000230410008000640820018000721000024000902450100001142600009002143000034002236500008002576540008002651394120260306164838.0260306t1996||||xx |||||||||||||| ||spa|| aESP aS 005.74bA12 aAbbey, MichaeleAUT 0aOracle:bGuía de aprendizaje: una completa introducción para los usuarios recién llegados c1996 axxvi, 480 páginas :c24 cm. aGEN aCCC